000 00478nam a22001817a 4500
003 dpl
005 20180706131215.0
008 180706b xxu||||| |||| 00| 0 eng d
020 _a8188492213
_c100.00
035 _aB-192446
040 _aDPL
_bEN
_c0
082 _a881
100 _aSharan, N N
245 _aMessage of the flute
_b/
_cby N N Sharan
260 _aAgra
_bArvinda prakashan
_c2005
300 _aii,90p;
_c22cm.
942 _2ddc
_cEN
_h881
_mSHA
999 _c153499
_d153499